Studies on the civilization of Islam (Record no. 244007)

000 -LEADER
fixed length control field 00240 a2200109 4500
001 - CONTROL NUMBER
control field 8934
082 ## - DEWEY DECIMAL CLASSIFICATION NUMBER
Classification number 297 GIB
090 ## - LOCALLY ASSIGNED LC-TYPE CALL NUMBER (OCLC); LOCAL CALL NUMBER (RLIN)
-- 7123
-- 7123
100 ## - MAIN ENTRY--PERSONAL NAME
Personal name Gibb H A R
245 ## - TITLE STATEMENT
Title Studies on the civilization of Islam
Medium English
260 ## - PUBLICATION, DISTRIBUTION, ETC.
Date of publication, distribution, etc. Routledge
Name of publisher, distributor, etc. 1962
942 ## - ADDED ENTRY ELEMENTS (KOHA)
Institution code [OBSOLETE] NUST-CAE
Holdings
Withdrawn status Lost status Damaged status Not for loan Collection code Permanent Location Current Location Date acquired Total Checkouts Barcode Date last seen Price effective from Koha item type
          College of Aeronautical Engineering (CAE) College of Aeronautical Engineering (CAE) 04/03/2017   CAE8485 04/05/2017 04/05/2017 Book
© 2023 Central Library, National University of Sciences and Technology. All Rights Reserved.